Personnages de dessins animés en images - A - Statistiques

Statistiques générales
  • Ce quiz a été pris 2 503 fois
  • Le résultat moyen est 11 sur 16
Statistiques - réponses
Par images Réponse % Correct
Aladdin
99%
Ariel
97%
Astérix
97%
Anna
93%
L'Âne
85%
Aurore
82%
Atchoum
70%
Anastasia
65%
Andy
63%
Alex
57%
Arlo
55%
Albator
54%
Abu
53%
Anatole Latuile
46%
Arnold
35%
Ash
15%
Aucun quiz correspondant
Distribution des résultats
% des personnes avec chaque résultat
Percentile par nombre de réponses
Votre historique - résultats
Vous n’avez pas pris ce quiz